000 00448nam a2200181Ia 4500
003 GCL
008 140319s9999 xx 000 0 eng d
040 _aGCL /
_cGCL
082 0 4 _a729
_bH D
100 1 _aHEINZ, T
245 1 0 _aDANA HOUSE: FRANK LLOYD WRIGHT /
_cHEINZ, T
260 _a[S.N] :
_bACADEMY EDITIONS ،
_c1995
300 _a80 P
650 0 4 _aARTS
650 0 4 _aARCHITECTURE
650 0 4 _aDESIGN AND DECORATION
942 _2ddc
_cBK
999 _c15747
_d15747